Plaques d'immatriculation - Statistiques

Statistiques générales
  • Ce quiz a été pris 421 fois
  • Le résultat moyen est 41 sur 51
Statistiques - réponses
Hint Réponse % Correct
F France
98%
LT Lituanie
97%
NL Pays-Bas
97%
D Allemagne
96%
E Espagne
96%
B Belgique
94%
FIN Finlande
93%
IRL Irlande
93%
L Luxembourg
93%
PL Pologne
93%
RO Roumanie
93%
RUS Russie
93%
DK Danemark
91%
H Hongrie
91%
EST Estonie
90%
IS Islande
90%
I Italie
90%
SLO Slovénie
90%
SRB Serbie
89%
SK Slovaquie
89%
LV Lettonie
88%
P Portugal
88%
AND Andorre
87%
UK Royaume-Uni
87%
BG Bulgarie
86%
CZ République Tchèque
85%
S Suède
84%
CH Suisse
84%
A Autriche
82%
GEO Géorgie
82%
N Norvège
82%
UA Ukraine
82%
MC Monaco
81%
CY Chypre
80%
GR Grèce
79%
AL Albanie
77%
NMK Macedoine du Nord
75%
BY Biélorussie
74%
KZ Kazakhstan
72%
AZ Azerbaïdjan
71%
BIH Bosnie-Herzégovine
69%
MNE Monténégro
69%
TR Turquie
69%
HR Croatie
67%
MD Moldavie
66%
LI Liechtenstein
65%
M Malte
63%
RKS Kosovo
59%
AM Arménie
58%
RSM Saint-Marin
56%
FO Îles Féroé
22%
Aucun quiz correspondant
Distribution des résultats
% des personnes avec chaque résultat
Percentile par nombre de réponses
Votre historique - résultats
Vous n’avez pas pris ce quiz